000 00482nam a2200157 a 4500
001 000040079
005 20201002033914.0
008 130806s2004 sp ag 000 0 spa d
020 _a849588
040 _aDO-SdBNP
_bspa
_cBNPHU
100 1 _aRodríguez, Silvio
_d1946-
_966337
245 1 0 _aAntología /
_cSilvio Rodríguez ; transcripciones de Martha Duarte.
260 _aMadrid :
_bEllago Ediciones,
_c2004.
300 _av. :
_bil., mús.
_a32 cm.
700 1 _aDuarte, Marta,
_966338
999 _c39569
_d39569